| 000 | 00564nam a2200169 i 4500 | ||
|---|---|---|---|
| 001 | 61230 | ||
| 003 | ES-MaACL | ||
| 007 | t| | ||
| 008 | 031111s1929 sp ||||1| spa d | ||
| 100 | 1 |
_aEvans, C. Lovatt. _948350 |
|
| 245 | 1 | 0 |
_aRecientes adquisiones en fisiología / _cpor C. Lovatt Evans ; traducción de la tercera edición inglesa por Leopoldo Taladriz. |
| 250 | _a3ª ed. | ||
| 260 |
_aMadrid : _bJavier Morata, _c1929 ( _fTip. Artística) |
||
| 300 |
_aXIX, 568 p. : _bil. ; _c21 cm. |
||
| 700 | 1 |
_aTaladriz, Leopoldo. _9109104 |
|
| 852 |
_aES-MaACL _jE-282 |
||
| 999 |
_c61230 _d61230 |
||